Метод определения утечки из нефтепровода, основанный на разности во времени давления; Известия Томского политехнического университета [Известия ТПУ]; Т. 323, № 1 : Науки о Земле

Podrobná bibliografie
Parent link:Известия Томского политехнического университета [Известия ТПУ]/ Томский политехнический университет (ТПУ).— , 2000-
Т. 323, № 1 : Науки о Земле.— 2013.— [С. 216-219]
Hlavní autor: Мамонова Т. Е. Татьяна Егоровна
Shrnutí:Заглавие с титульного листа
Электронная версия печатной публикации
Предложен метод определения утечки, основанный на анализе гидравлических характеристик трубопровода во времени. Представлены расчётные формулы для определения массового расхода и координаты утечки. Приведено исследование метода с применением программы COMSOL Multiphysics 3.5. Показано, что предложенный метод и расчётные формулы, соответствующие ему, являются применимыми при определении кратковременных утечек.
Jazyk:ruština
Vydáno: 2013
Edice:Геоэкология
Témata:
On-line přístup:http://earchive.tpu.ru/bitstream/11683/4924/1/bulletin_tpu-2013-323-1-38.pdf
Médium: MixedMaterials Elektronický zdroj Kapitola
KOHA link:https://koha.lib.tpu.ru/cgi-bin/koha/opac-detail.pl?biblionumber=243011

MARC

LEADER 00000nla2a2200000 4500
001 243011
005 20231220114448.0
035 |a (RuTPU)RU\TPU\book\264343 
035 |a RU\TPU\book\264342 
090 |a 243011 
100 |a 20130913d2013 k y0rusy50 ca 
101 0 |a rus 
102 |a RU 
135 |a drnn ---uucaa 
181 0 |a i  
182 0 |a b 
200 1 |a Метод определения утечки из нефтепровода, основанный на разности во времени давления  |f Т. Е. Мамонова 
203 |a Текст  |c электронный 
215 |a 1 файл (287 Кб) 
225 1 |a Геоэкология 
300 |a Заглавие с титульного листа 
300 |a Электронная версия печатной публикации 
320 |a [Библиогр.: с. 219 (8 назв.)] 
330 |a Предложен метод определения утечки, основанный на анализе гидравлических характеристик трубопровода во времени. Представлены расчётные формулы для определения массового расхода и координаты утечки. Приведено исследование метода с применением программы COMSOL Multiphysics 3.5. Показано, что предложенный метод и расчётные формулы, соответствующие ему, являются применимыми при определении кратковременных утечек. 
337 |a Adobe Reader 
461 1 |0 (RuTPU)RU\TPU\book\176237  |t Известия Томского политехнического университета [Известия ТПУ]  |f Томский политехнический университет (ТПУ)  |d 2000- 
463 1 |0 (RuTPU)RU\TPU\book\264203  |x 1684-8519  |t Т. 323, № 1 : Науки о Земле  |v [С. 216-219]  |d 2013  |p 249 с. 
610 1 |a нефтепроводы 
610 1 |a датчики давления 
610 1 |a трубопроводы 
610 1 |a гидравлические характеристики 
610 1 |a утечка 
610 1 |a имитационные модели 
610 1 |a труды учёных ТПУ 
610 1 |a электронный ресурс 
700 1 |a Мамонова  |b Т. Е.  |c специалист в области информатики и вычислительной техники  |c доцент Томского политехнического университета, кандидат технических наук  |f 1983-  |g Татьяна Егоровна  |3 (RuTPU)RU\TPU\pers\29661  |9 14174 
801 1 |a RU  |b 63413507  |c 20090623  |g PSBO 
801 2 |a RU  |b 63413507  |c 20190517  |g PSBO 
856 4 |u http://earchive.tpu.ru/bitstream/11683/4924/1/bulletin_tpu-2013-323-1-38.pdf 
942 |c CF